Complete the Card - WWE Royal Rumble 2005 - Statistics

General Stats
  • This quiz has been taken 441 times
  • The average score is 9 of 10
Answer Stats
Answer % Correct
The Undertaker
98%
Batista
97%
Triple H
97%
Randy Orton
92%
The Big Show
86%
John Bradshaw Layfield
85%
Kurt Angle
85%
Edge
83%
Shawn Michaels
81%
Heidenreich
57%
No matching quizzes found
Score Distribution
Percent of People with Each Score
Percentile by Number Answered
Your Score History
You have not taken this quiz